00486nam a22001697a 450000500170000001000150001702000260003203500140005803700130007208200110008510000170009624500450011326000380015827000620019630000260025850000320028420180807124945.0 aENG-123690 a9788178245102c595.00 aEN-107222 bDBAD/PUB a303.61 aSkarla, Ajay aUnconditional equality /cby Ajay Skarla aRanikhet bPermanent Black c2017 aHimalayana, Mall Road, Ranikhet Cantt. bRanikhete263645v avii,390p. c21cm(pbk) aIt includes notes and index